Normal view
MARC view
- Kalwar, S C
Entry Personal Name
001 - CONTROL NUMBER
- control field: 6041
003 - CONTROL NUMBER IDENTIFIER
- control field: OSt
005 - DATE AND TIME OF LATEST TRANSACTION
- control field: 20240215155536.0
008 - FIXED-LENGTH DATA ELEMENTS
- fixed length control field: 240215|| aca||aabn | a|a d
040 ## - CATALOGING SOURCE
- Original cataloging agency: OSt
- Transcribing agency: OSt
100 ## - HEADING--PERSONAL NAME
- Personal name: Kalwar, S C
670 ## - SOURCE DATA FOUND
- Source citation: Work cat.: (OSt)10479: Saini, R R . 6040, Remote sensing in resource geography / , 1991.
